00938 a2200169 4500003000500000005001700005010001600022020001700038040000900055082001700064100001700081245006600098260003100164300003300195505051700228650002300745Nust20221031102608.0 a 84015319 a0471085286 : cNust00a621.3192,CHO1 aChoma, John,10aElectrical networks :btheory and analysis /cJohn Choma, Jr. aNew York :bWiley,cc1985. axx, 773 p. :bill. ;c25 cm. aMatrix Methods of Analysis (Page-1), Introductory Graph Theory (Page-36), Topological Network Analysis (Page-75), Multiport Network Analysis (Page-152), Circuits Analysis (Page-226), Linearzed Analysis of Nonlinear Networks (Page-306),Sensitivity Analysis of Linear Networks (Page-363), Performance Estimations of Linear Active Circuits (Page-422), Circuits Analysis and Design (Page-479), Signal Flow and Feedback (Page-556), Network Interstaging (Page-642), Characteristics of Linear Active Devices (Page-713), 0aElectric networks.